| 000 | 00434nam a2200193Ia 4500 | ||
|---|---|---|---|
| 005 | 20250603144617.0 | ||
| 008 | 250603s9999 xx 000 0 und d | ||
| 020 | _a9780273711797 | ||
| 050 | _aHD 30.213 .C43/ | ||
| 100 | _aChaffey, Dave | ||
| 245 | 0 | _aBusiness information management | |
| 250 | _a2nd ed. | ||
| 260 | _aBoston | ||
| 260 | _bPearson | ||
| 260 | _c 2011 | ||
| 300 | _a620 p | ||
| 650 | _aBoston | ||
| 942 | _cBK | ||
| 999 |
_c39431 _d39431 |
||